|
|
|
|
| LEADER |
00000nam a22000007a 4500 |
| 005 |
20210111233321.0 |
| 007 |
cr|||| |||| |
| 008 |
210111s2019 co |||||s|||| 00||0 spa d |
| 020 |
|
|
|a 978-958-760-171-8
|
| 035 |
|
|
|a 32545
|
| 040 |
|
|
|a vLex
|
| 090 |
|
|
|c 11077
|d 11077
|
| 100 |
1 |
|
|a Vizcan̕o Gutiřrez, Milca̕des
|
| 245 |
1 |
0 |
|a Familias en la modernidad
|h [Recurso electrn̤ico] :
|b una mirada desde Villavicencio /
|c Milca̕des Vizcan̕o Gutiřrez
|
| 256 |
|
|
|a Servicio en ln̕ea
|
| 260 |
|
|
|a Bogot:̀
|b Universidad Cooperativa de Colombia,
|c 2019
|
| 300 |
|
|
|a 1 recurso electrn̤ico
|
| 500 |
|
|
|a El objeto de estudio de este libro son las familias analizadas desde Villavicencio que es la capital del Meta, departamento de Colombia. Esta ciudad, fundada en 1840, tuvo su mayor desarrollo en la segunda mitad del siglo XX, como resultado de migraciones de diversas regiones del pas̕. El mestizaje familiar es un fenm̤eno estudiado a lo largo de tres generaciones, desde la dčada de 1950 hasta la segunda del siglo XXI. Los cambios internos de la estructura familiar, su diversificacin̤, el auge y decaimiento del patriarcalismo y la asimilacin̤ de valores modernos, llegaron con los medios masivos, la radio y la televisin̤, y se impulsaron con las nuevas tecnologa̕s. Estos fenm̤enos visibilizan las transformaciones de las familias que son similares a procesos que se encuentran en otros contextos nacionales e internacionales. La introduccin̤ plantea la tesis central y los procedimientos utilizados en su demostracin̤ en los seis capt̕ulos del libro. Palabras clave: cambios culturales, cambios sociales, familia, modernidad, Villavicencio
|
| 506 |
1 |
|
|a Disponible solo en los productos indicados
|d vLex Global
|d vLex Global (Academic Edition, excluding Law Schools)
|d vLex Global (U.S. Academic Edition, Law Schools)
|d vLex Global (U.S. Academic Edition, excluding Law Schools)
|d vLex Global (Academic Edition, Law Schools)
|
| 650 |
0 |
4 |
|a Ciencias sociales
|z Colombia
|
| 650 |
0 |
4 |
|a Sociologa̕
|z Colombia
|
| 740 |
0 |
|
|a vLex Libros (Servicio en ln̕ea)
|
| 856 |
4 |
0 |
|u http://vlex.com/source/familias-en-la-modernidad-una-mirada-desde-villavicencio-32545
|z Acceso restringido
|
| 942 |
|
|
|c BOOK
|